000 00710nam a2200241 i 4500
001 106418
003 ES-MaACL
005 20250710062727.0
007 t|
008 061114s1971 fr ||||1| fre d
080 _a811.211'36
100 1 _aVarenne, Jean.
_9113181
245 1 0 _aGrammaire du sanskrit /
_cpar Jean Varenne.
250 _a1er. ed.
260 _aParis :
_bPresses Universitaires de France,
_c1971.
300 _a127 p. ;
_c18 cm.
490 1 _aQue sais-je? ;
_v1416
500 _aBiblioteca Jacinto Martínez Lacalle.
650 1 4 _aLengua sánscrita-
_xGramática.
_914322
830 0 0 _aQue sais-je?
_v1416
_9180931
852 _aES-MaACL
_jE-11396
_bR.139136
999 _c106418
_d106418